000 00488nam a22001577a 4500
003 OSt
005 20140310182207.0
008 130904t xxu||||| |||| 00| 0 eng d
050 _aBV 652.1
_b.EDd6 [ca1990]
082 _aHS 248.4
_bEd9 19
245 _aLeadership foundations
_bTerry Edwards.
_c a training manual for christian leaders
260 _aCalifornia :
_bChristian Equippers International,
_c[ca1990]
300 _a153 p. :
_bill. ;
_c22 cm.
942 _2lcc
999 _c10357
_d10357